[Event "URU-ch sf"]
[Site "Montevideo"]
[Date "2024.02.11"]
[Round "4"]
[White "Cukerman, Diego"]
[Black "Machado, Frank"]
[Result "1-0"]
[WhiteElo "2110"]
[BlackElo "1681"]
[PlyCount "51"]
[EventDate "2024.02.09"]
[EventType "swiss"]
[EventRounds "7"]
[EventCountry "URU"]
[SourceTitle "CB08_2024"]
[SourceDate "2024.02.21"]
[SourceVersion "1"]
[SourceVersionDate "2024.02.21"]
[SourceQuality "1"]

1. d4 e6 2. Nc3 d5 3. Bf4 Bd6 4. e3 Nf6 5. Qf3 a6 6. g4 c5 7. g5 Ng8 8. dxc5 Bxc5 9. 0-0-0 Nc6 10. h4 Nge7 11. Ne4 Qa5 12. Nxc5 Qxc5 13. Kb1 Bd7 14. Ne2 Rc8 15. c3 b5 16. Nd4 b4 17. Nb3 Qb6 18. c4 dxc4 19. Bxc4 a5 20. Bd6 a4 21. Nc5 Qa7 22. Nxd7 Qxd7 23. Bb5 Nd5 24. Rxd5 exd5 25. Qxd5 a3 26. Rc1 1-0

[Event "URU-ch sf"]
[Site "Montevideo"]
[Date "2024.02.10"]
[Round "2"]
[White "Colosi, Felipe"]
[Black "Machado, Frank"]
[Result "1/2-1/2"]
[WhiteElo "1652"]
[BlackElo "1681"]
[PlyCount "108"]
[EventDate "2024.02.09"]
[EventType "swiss"]
[EventRounds "7"]
[EventCountry "URU"]
[SourceTitle "CB08_2024"]
[SourceDate "2024.02.21"]
[SourceVersion "1"]
[SourceVersionDate "2024.02.21"]
[SourceQuality "1"]

1. e4 e6 2. d4 d5 3. Nd2 Nf6 4. e5 Nfd7 5. Ngf3 c5 6. c3 Nc6 7. Be2 Qb6 8. Nb3 a5 9. a4 cxd4 10. cxd4 Bb4+ 11. Kf1 0-0 12. Bf4 f6 13. Bg3 fxe5 14. dxe5 Ndxe5 15. Nxe5 Nxe5 16. Qd4 Qxd4 17. Nxd4 Nc6 18. Nb5 Bd7 19. Bg4 Rf6 20. Nc7 Raf8 21. Nxd5 exd5 22. Bxd7 Bc5 23. f3 d4 24. Rd1 Rd8 25. Bg4 h6 26. Bh4 g5 27. Bg3 d3 28. h4 Be3 29. hxg5 hxg5 30. Bf2 Bxf2 31. Kxf2 Ne5 32. Kg3 d2 33. b3 Rb6 34. Bf5 Rdd6 35. Rb1 Nd3 36. Rhd1 Nf4 37. Rb2 Kg7 38. Kf2 Kf6 39. Be4 Nd3+ 40. Bxd3 Rxd3 41. Rbxd2 Rxd2+ 42. Rxd2 Rxb3 43. Kg3 Rb4 44. Ra2 Ke5 45. Ra3 Kd5 46. Ra1 Kc5 47. Rc1+ Kd4 48. Rc7 Kd3 49. Rc5 Rxa4 50. Rxg5 b6 51. f4 Ke3 52. f5 Rf4 53. Rg6 Rxf5 54. Rxb6 Rg5+ 1/2-1/2

[Event "URU-ch sf"]
[Site "Montevideo"]
[Date "2024.02.09"]
[Round "1"]
[White "Machado, Frank"]
[Black "Cuello Toledo, Guzman"]
[Result "0-1"]
[WhiteElo "1681"]
[BlackElo "1836"]
[PlyCount "87"]
[EventDate "2024.02.09"]
[EventType "swiss"]
[EventRounds "7"]
[EventCountry "URU"]
[SourceTitle "CB08_2024"]
[SourceDate "2024.02.21"]
[SourceVersion "1"]
[SourceVersionDate "2024.02.21"]
[SourceQuality "1"]

1. d4 d5 2. Bf4 e6 3. e3 c5 4. c3 Nf6 5. Nd2 Bd6 6. Bg3 Qc7 7. Ngf3 a6 8. Bd3 Nbd7 9. Qe2 0-0 10. 0-0 Re8 11. e4 dxe4 12. Nxe4 Nxe4 13. Qxe4 Nf6 14. Qe2 b5 15. Be4 Rb8 16. Rad1 Nxe4 17. Qxe4 Bb7 18. Qe2 Bd5 19. b3 c4 20. b4 Bxg3 21. hxg3 f6 22. Rfe1 a5 23. a3 axb4 24. axb4 Ra8 25. Ra1 Qc6 26. Reb1 Rxa1 27. Rxa1 Ra8 28. Rxa8+ Qxa8 29. Ne1 Qa1 30. Qe3 Kf7 31. Kh2 Qd1 32. f3 g5 33. g4 Qb1 34. Kg3 f5 35. gxf5 Qxf5 36. Kh2 h5 37. Kg1 h4 38. Kh2 Kf6 39. g4 hxg3+ 40. Kxg3 Kg6 41. Kg2 Qg4+ 42. Kf2 Qh4+ 43. Ke2 Qh2+ 44. Kd1 0-1